Marketing research ; how to analyze products markets, and methods of distribution.

Bibliographic Details
Main Author: Bradford, Ernest Smith, 1877-
Format: Book
Language:English
Published: New York : McGraw-Hill, 1951.
Edition:1st ed.
Subjects:

MARC

Tag First Indicator Second Indicator Subfields
LEADER 00000cam a2200000 4500
001 in00000053968
005 20151008050915.0
008 720215s1951 nyu b 00000 eng u
010 |a  51002082  
035 |a (OCoLC)00242367 
035 |9 AAG4207AM 
040 |c WSU  |d TXA  |d UtOrBLW 
049 |a TXAM  |c [208196] 
050 0 |a HF5415  |b .B625 
092 |a 338.4072  |b B799m 
100 1 |a Bradford, Ernest Smith,  |d 1877- 
245 1 0 |a Marketing research ;  |b how to analyze products markets, and methods of distribution. 
250 |a 1st ed. 
264 1 |a New York :  |b McGraw-Hill,  |c 1951. 
300 |a 379 pages 
336 |a text  |b txt  |2 rdacontent 
337 |a unmediated  |b n  |2 rdamedia 
338 |a volume  |b nc  |2 rdacarrier 
504 |a Includes bibliographies. 
650 0 |a Marketing research. 
999 |a MARS 
999 f f |s b0646d81-19a9-3015-aca8-3a2d711cb54a  |i fed5a2de-8055-3566-8f89-d2698f15a3d0  |t 0 
952 f f |p ric  |a Texas A&M University  |b Rellis Campus  |c Joint Library Facility  |d Remote Storage  |t 0  |e HF5415 .B625  |h Library of Congress classification  |i unmediated -- volume  |m A14800765039 
998 f f |a HF5415 .B625  |t 0  |l Remote Storage